• 首页
  • 本馆介绍
  • 公告通知
  • 最新文献
  • 馆藏检索
  • 电子资源
  • 读者导购
  • 参考咨询
  • 我的图书馆
  • 登录
  • 详细信息显示
  • 放入我的书架
  • 预约/预借图书
  • 作者相关作品
  • 分类相关作品
  • 丛书相关作品
  • 出版社相关作品

书目信息

  • 表格格式
  • 工作单格式
  • 卡片格式
书名: Linguistics for students of literature
作者: Elizabeth Closs Traugott, Mary Louise Pratt.
分册号:
分册名:
出版地: New York :
 
出版社: Harcourt Brace Jovanovich
出版时间: c1980.
页数: xv, 444 p. :
开本: 24 cm.
丛书名:
中图分类号:
科图分类号:
其他分类号: I045
主题词:
电子资源:
000 00921nam 2200301 i 4500
001 E0736980552
003 OCoLC
005 20070302101701.34
008 030402s1980 nyua b 001 0 eng
010    @a 79091194
015    @aGB80-23183
020    @a0155510304.
040    @aDLC@cDLC@dUKM
050 00 @aP123@b.T67
082 0  @a410
090    @aJ11/W255
090    @aI045
099    @dI045@ex2
100 1  @aTraugott, Elizabeth Closs.
245 10 @aLinguistics for students of literature / @cElizabeth Closs Traugott, Mary Louise Pratt.
260    @aNew York :@bHarcourt Brace Jovanovich,@cc1980.
300    @axv, 444 p. :@bill. ;@c24 cm.
500    @aIncludes index.
504    @aBibliography: p. 411-423.
650  0 @aLinguistics.
650  0 @aEnglish philology.
653    @aEnglish language For literary criticism
700 1  @aPratt, Mary Louise,@d1948-@ejoint author.
    
    Linguistics for students of literature / / Elizabeth Closs Traugott, Mary Louise Pratt.-New York : : Harcourt Brace Jovanovich, , c1980.
    xv, 444 p. : : ill. ; ; 24 cm.
    Includes index.-Bibliography: p. 411-423.
    
    ISBN 0155510304.
    
●
相关链接 在E读中查询图书 在五车中查询图书 在当当中查询图书 在豆瓣中查询图书


正题名:Linguistics for students of literature     索取号:I045/x2         预约/预借

序号 登录号 条形码 馆藏地/架位号 状态 备注
1 182177   000434177   第二样本阅览室/ [索取号:I045/x2] 在馆    
2 182178   000434248   第四借阅区/ [索取号:I045/x2] 在馆    
唐山师范学院图书馆 欢迎您!
大连网信软件有限公司© 版权所有